000 00291nam a22001337a 4500
008 170726b xxu||||| |||| 00| 0 eng d
020 _a636920003069
041 _aeng
080 _a004
100 _a30
101 _aSHK
245 _aHIGH PERFOMANCE MYSQL
_cZAWODNY,J.D
942 _2udc
_cBK
999 _c21913
_d21913